Quiz spécial joueur : Henry - Statistiques

Statistiques générales
  • Ce quiz a été pris 49 fois
  • Le résultat moyen est 11 sur 20
Statistiques - réponses
Question Réponse % Correct
Position qu'il occupe au classement des meilleurs joueurs de l'histoire de la Premier League selon "The Telegraph" 2ème
93%
Club formateur et révelateur de Henry AS Monaco
93%
Sélection pour laquelle il était entraîneur adjoint lors de la Coupe du Monde 2018 Belgique
93%
Année où il termine 2ème du ballon d'or 2003
89%
Numéro d'Henry en Equipe de France en l'honneur de son idole 12
84%
Club dans lequel il est transféré en 2007 et termine meilleur buteur lors de sa première saison FC Barcelone
82%
Nombre de réalisations en Equipe de France ce qui en fait le meilleur buteur 51
78%
Club dans lequel il a terminé sa carrière Red Bulls de New York
73%
Nouveau stade d'Arsenal depuis 2006, dont le premier but a été inscrit par Henry Emirates Stadium
69%
Actuel équipe qu'il entraîne Impact de Montréal
62%
Joueurs avec qui il forme un trio mythique lors de la saison 2008-2009 avec 102 buts marqués à eux trois Samuel Eto'o et Lionel Messi
60%
Montant de son transfert à la Juventus (en millions d'euros), record de l'époque pour un joueur français 17
47%
Joueur qu'il dépasse au classement des buteurs d'Arsenal lors d'un doublé en Ligue des Champions en 2005 faisant ainsi de lui le meilleur buteur de l'histoire du club Ian Wright
36%
Ville natale de Henry dans laquelle il passe son enfance Les Ulis
31%
Equipe contre laquelle il prend un carton rouge lors de la Coupe du Monde 2002 Uruguay
31%
Idole de Thierry Henry Marco Van Basten
27%
Ratio de Thierry Henry (buts par match) lors de son passage à Arsenal 0,61
20%
Nation contre laquelle il honore sa première sélection en Equipe de France en 1997 Afrique du Sud
20%
Joueur avec qui il termine premier ex-æquo au classement du soulier d'or européen 2004-2005, une première pour un joueur français Diego Forlan
9%
Club contre lequel il inscrit un doublé pour son premier match de Ligue des Champions Bayer Leverkusen
0%
Aucun quiz correspondant
Distribution des résultats
% des personnes avec chaque résultat
Percentile par nombre de réponses
Votre historique - résultats
Vous n’avez pas pris ce quiz